Statistics for Picture Show - Bonnie & Clyde - Lyrics

Click here to take the quiz!

General Stats

  • This quiz has been taken 14 times
  • The average score is 330 of 465

Answer Stats

CharacterLyrics% Correct
Clara
100%
Bonnie (same time) | Both Bonnies | Clyde | +2 othersI
100%
like
100%
Like
100%
you
100%
You
100%
a
80%
Al
80%
an
80%
and
80%
And
80%
be
80%
Billy
80%
Billy,
80%
Bow
80%
Bow,
80%
But
80%
can
80%
Can
80%
I'm
80%
in
80%
In
80%
is
80%
just
80%
Kid
80%
Livin'
80%
look
80%
lookin'
80%
Ma
80%
madly,
80%
me
80%
me,
80%
me?
80%
money
80%
movies
80%
see
80%
so
80%
star
80%
than
80%
the
80%
The
80%
There
80%
wanna
80%
what
80%
when
80%
When
80%
where
80%
who
80%
With
80%
with
80%
Your
80%
you're
80%
You're
80%
Ain't
60%
alive
60%
are
60%
at
60%
attraction
60%
ballroom
60%
Bang
60%
bang
60%
bang,
60%
bar
60%
bet
60%
Big
60%
big,
60%
bully
60%
called
60%
callin'
60%
can't
60%
Capone
60%
Capone,
60%
cents
60%
chance
60%
clothes
60%
could
60%
count
60%
cut
60%
day
60%
dead !
60%
do
60%
Doin'
60%
dollars
60%
doubt,
60%
dreamy
60%
Dressed
60%
every
60%
face
60%
Flirtin'
60%
get
60%
Girl'
60%
girl'
60%
gonna
60%
got
60%
great
60%
gun
60%
guy
60%
hair
60%
has
60%
he
60%
He
60%
her
60%
her,
60%
hero
60%
He's
60%
him
60%
isn't
60%
it
60%
It
60%
'It
60%
'it
60%
jazz
60%
Jesus !
60%
keep
60%
kids
60%
law
60%
life
60%
live
60%
lot
60%
made
60%
magazine
60%
main
60%
make
60%
man
60%
mine
60%
more
60%
must
60%
my
60%
No
60%
nothin'
60%
of
60%
on
60%
one
60%
out
60%
outdraw
60%
outlaw
60%
owns
60%
picture
60%
say
60%
shoot
60%
show
60%
show !
60%
Some
60%
someday
60%
soon
60%
stand
60%
stars
60%
started
60%
style
60%
Sunday
60%
surrounded
60%
that
60%
That
60%
their
60%
Young BonnieThey
60%
they
60%
They'll
60%
they're
60%
things
60%
thirty
60%
to
60%
Trust
60%
Tuesday,
60%
up
60%
want
60%
was
60%
way
60%
wear
60%
week
60%
weren't
60%
whole
60%
will
60%
won't
60%
dance
40%
everyone
40%
floor
40%
for,
40%
for
40%
goes
40%
had
40%
looks
40%
middle
40%
Pa
40%
Sippin'
40%
switch
40%
take
40%
These
40%
too
40%
champagne,
20%
end
20%
goin'
20%
horses,
20%
Young BonnieI'll
20%
ready
20%
ready,
20%
Ridin'
20%
steady
20%
That's
20%

Score Distribution

Percentile by Number Answered

Percent of People with Each Score

Your Score History

You have not taken this quiz